000 00723nam a2200193Ia 4500
003 0
005 20250130142413.0
008 150126s9999 xx 000 0 und d
050 _aPHS QR 115
_b.P359 2014
100 _aPearce, Loren B.
245 4 _aThe effects of different concentration of food preservative on microbial growth /
_cLoren B. Pearce.
260 _aLas PiƱas City, Philippines :
_bSouthville International School and Colleges,
_c2014.
300 _a19 pages :
_billustration ;
_c28 cm.
504 _aIncludes bibliographical references.
650 _aFood
_vPreservation
_xChemical methods.
650 _aFood preservatives
_vEffectiveness.
650 _aMicrobial growth
_vInhibition.
942 _2lcc
_cPASS
999 _c278702
_d278702